Normal view
MARC view
- JIG AND FIXTURE DESIGN
Entry Topical Term
001 - CONTROL NUMBER
- control field: 63353
003 - CONTROL NUMBER IDENTIFIER
- control field: NUST
005 - DATE AND TIME OF LATEST TRANSACTION
- control field: 20210628203116.0
008 - FIXED-LENGTH DATA ELEMENTS
- fixed length control field: 210628|| aca||aabn | a|a d
040 ## - CATALOGING SOURCE
- Original cataloging agency: NUST
- Transcribing agency: NUST
150 ## - HEADING--TOPICAL TERM
- Topical term or geographic name entry element: JIG AND FIXTURE DESIGN
670 ## - SOURCE DATA FOUND
- Source citation: Work cat.: (NUST): Hoffman, Edward G 34538, Jig and fixture design, 2004
